'O' Blitz Quiz Stats

 Plays Quiz Updated Nov 21, 2019

Support Sporcle.
Go Orange.
Score 0/40 Timer 04:00
8 Plays Today
Category Answer % Correct
MonthOctober
98.5%
Rainbow colorOrange
96.9%
US stateOhio
96.2%
Written number (1-100)One
91.2%
Unit of weightOunce
88.7%
Chinese Zodiac animalOx
88.5%
Type of angleObtuse
85.8%
Orchestral instrumentOboe
85.3%
BirthstoneOpal
84.9%
Tree (not fruit tree)Oak
82.6%
Greek letterOmega
82.3%
Disney theme park cityOrlando
82%
ElementOsmium
81%
Great lakeOntario
78.6%
Flightless BirdOstrich
77.7%
2D shapeOctagon
77.6%
ConstellationOrion
75.4%
Wright brotherOrville
75.2%
Shakespeare playOthello
73.5%
CountryOman
73.3%
Category Answer % Correct
Cereal grassOat
70.8%
Popeye character (full name)Olive Oyl
70.3%
Capital city (world)Ottawa
69.8%
Star Wars JediObi-Wan Kenobi
69.5%
US PresidentObama
69.3%
VegetableOnion
67.9%
Work of HomerOdyssey
67.3%
Harry Potter and the ...Order of the Phoenix
66%
MLB teamOrioles
60.7%
Winnie the Pooh characterOwl
59.2%
James Bond movieOctopussy
54.8%
'Gone with the Wind' surnameO'Hara
49.5%
Lord of the Rings' raceOrc
49.4%
Dickens novelOliver Twist
44.6%
MarsupialOpossum
31.7%
NBA Most Valuable Player winnerO'Neal
30.3%
Simpsons characterOtto
28.5%
Monopoly squareOriental Avenue
27.1%
Beatles songOb-La-Di, Ob-La-Da
25.8%
Robert Redford movieOut of Africa
15.2%

You're not logged in!

Compare scores with friends on all Sporcle quizzes.
OR
Log In

From the Vault

Classical Music Clip Challenge

by Saulmeister

Kill the wabbit, kill the wabbit, kill the wabbit....
Remove Ads.
Support Sporcle.
Get the best of Sporcle when you Go Orange. This ad-free experience offers more features, more stats, and more fun while also helping to support Sporcle. Thank you for becoming a member.

Show Comments

Extras

Top Quizzes Today


Score Distribution

Your Account Isn't Verified!

In order to create a playlist on Sporcle, you need to verify the email address you used during registration. Go to your Sporcle Settings to finish the process.

Report this User

Report this user for behavior that violates our Community Guidelines.

Details: